header

Keeping my Mandarin alive (Record no. 593)

MARC details
000 -LEADER
fixed length control field 01326nam a2200349Ia 4500
100 1# - MAIN ENTRY--AUTHOR NAME
Personal name Lee, Kuan Yew,
245 10 - TITLE STATEMENT
Title Keeping my Mandarin alive
260 ## - PUBLICATION, DISTRIBUTION, ETC. (IMPRINT)
Place of publication Singapore ;
-- Hackensack, NJ :
Name of publisher World Scientific :
-- Global Pub. Co.,
Year of publication c2005.
300 ## - PHYSICAL DESCRIPTION
Number of Pages xi, 241 p.
650 #0 - SUBJECT ADDED ENTRY--TOPICAL TERM
Topical Term Mandarin dialects
Topical Term Chinese language
856 40 - ELECTRONIC LOCATION AND ACCESS
Uniform Resource Identifier http://site.ebrary.com/lib/rucke/Doc?id=10713506

No items available.

© 2026 Rongo University
Contact us: librarian | system librarian | Rongo university